| 000 | 00646nam a2200241Ia 4500 | ||
|---|---|---|---|
| 001 | 2887 | ||
| 005 | 20240113233600.0 | ||
| 007 | ta | ||
| 008 | 050314s2003 a g b000 u eng u | ||
| 020 | _a0-19-561927-7 | ||
| 040 | _aEnglish ( PG ) | ||
| 041 | _aeng | ||
| 082 |
_a822.9 _bMa 344 Do |
||
| 100 | _aDatta, Kitty. | ||
| 245 | 0 |
_aDoctor Faustus: Christopher Marlowe`s / _cKitty Datta, ed. _hTextual Documents |
|
| 250 | _a2nd ed / | ||
| 260 |
_aNew Delhi : _bOxford university , _c2003. |
||
| 300 |
_a208p : _bill ; _c18cm . |
||
| 653 | _aEnglish drama - Criticism | ||
| 942 |
_2ddc _cBK |
||
| 999 |
_c2875 _d2875 |
||